Catálogo
 En Linea

The meanest doll in the workd / (Registro nro. 57692)

Detalles MARC
000 -CABECERA
campo de control de longitud fija 01447cam a2200325 i 4500
003 - IDENTIFICADOR DEL NÚMERO DE CONTROL
campo de control DO-SdBNP
005 - FECHA Y HORA DE LA ÚLTIMA TRANSACCIÓN
campo de control 20240916114304.0
007 - CAMPO FIJO DE DESCRIPCIÓN FÍSICA--INFORMACIÓN GENERAL
campo de control de longitud fija ta
008 - DATOS DE LONGITUD FIJA--INFORMACIÓN GENERAL
campo de control de longitud fija 240916s2004 xxua c 000 f spa d
020 ## - NÚMERO INTERNACIONAL ESTÁNDAR DEL LIBRO
Número Internacional Estándar del Libro 0439683130
040 ## - FUENTE DE LA CATALOGACIÓN
Centro catalogador/agencia de origen DO-SdBNP
Lengua de catalogación spa
Centro/agencia transcriptor BNPHU
Normas de descripción rda
082 ## - NÚMERO DE LA CLASIFICACIÓN DECIMAL DEWEY
Número de documento/Ítem M379m
Número de edición 22
100 1# - ENTRADA PRINCIPAL--NOMBRE DE PERSONA
Nombre de persona Martin, Ann M.
Fechas asociadas al nombre 1955-
9 (RLIN) 13825
Término indicativo de función/relación autora
245 14 - MENCIÓN DE TÍTULO
Título The meanest doll in the workd /
Mención de responsabilidad, etc. Ann M. Martin, Laura Godwin ; ilustraciones Brian Selznick
264 ## - PRODUCCIÓN, PUBLICACIÓN, DISTRIBUCIÓN, FABRICACIÓN Y COPYRIGHT
Producción, publicación, distribución, fabricación y copyright Nueva York, Estados Unidos :
Nombre del de productor, editor, distribuidor, fabricante Scholastic,
Fecha de producción, publicación, distribución, fabricación o copyright 2004.
300 ## - DESCRIPCIÓN FÍSICA
Extensión 260 páginas
Otras características físicas ilustraciones
Dimensiones 23 cm.
336 ## - TIPO DE CONTENIDO
Término de tipo de contenido texto
Código de tipo de contenido txt
Fuente rdacontent
337 ## - TIPO DE MEDIO
Nombre/término del tipo de medio sin mediación
Código del tipo de medio n
Fuente rdamedia
338 ## - TIPO DE SOPORTE
Nombre/término del tipo de soporte volumen
Código del tipo de soporte nc
Fuente rdacarrier
500 ## - NOTA GENERAL
Nota general Secuela de: La gente de las muñecas.
500 ## - NOTA GENERAL
Nota general Incluye datos biografícos de los autores e ilustrador en la página 267.
521 ## - NOTA DE PÚBLICO DESTINATARIO
Nota de público destinatario Annabelle y Tiffany Fuchaft son dos muñecas que han sido mejores amigas desde que se conocieron en la casa de Kate Palmer, tienen una aventura cuando se esconden en la mochila de Kate Palmer, las llevan a la escuela, van por error a otra casa e intentan detener a la princesa Mimi, una muñeca. que amenaza a todos los muñecos.
590 ## - NOTA LOCAL (RLIN)
Nota local Inventariado, 2024/ YL
650 #4 - PUNTO DE ACCESO ADICIONAL DE MATERIA--TÉRMINO DE MATERIA
Término de materia o nombre geográfico como elemento de entrada Muñecas
Subdivisión de forma Ficción.
9 (RLIN) 86583
650 #4 - PUNTO DE ACCESO ADICIONAL DE MATERIA--TÉRMINO DE MATERIA
Término de materia o nombre geográfico como elemento de entrada Comportamiento
Subdivisión de forma Ficción.
9 (RLIN) 86584
700 1# - PUNTO DE ACCESO ADICIONAL--NOMBRE DE PERSONA
Nombre de persona Godwin, Laura
Término indicativo de función/relación autora
9 (RLIN) 86585
700 1# - PUNTO DE ACCESO ADICIONAL--NOMBRE DE PERSONA
Nombre de persona Selznick, Brian
Término indicativo de función/relación ilustraciones
9 (RLIN) 86586
910 ## - DATOS DE OPCIÓN DEL USUARIO (OCLC)
Datos de opción del usuario Ylockward
942 ## - ELEMENTOS DE PUNTO DE ACCESO ADICIONAL (KOHA)
Fuente del sistema de clasificación o colocación Dewey Decimal Classification
Tipo de ítem Koha Libro
Existencias
Estado de retiro Estado de pérdida Fuente del sistema de clasificación o colocación Restricciones de uso No para préstamo Código de colección Localización permanente Ubicación/localización actual Ubicación en estantería Fecha de adquisición Fuente de adquisición Total de préstamos Signatura topográfica completa Código de barras Fecha visto por última vez Precio válido a partir de Tipo de ítem Koha
    Dewey Decimal Classification Préstamo en sala   General Biblioteca Nacional Pedro Henríquez Ureña Biblioteca Nacional Pedro Henríquez Ureña En catalogación 02.07.2018 Donación   BNPHU GR M379m 2024-5361 16.09.2024 16.09.2024 Libro

Con tecnología Koha